| 000 | 00719nam a22002297a 4500 | ||
|---|---|---|---|
| 005 | 20170124105939.0 | ||
| 010 | _aA-455816 | ||
| 020 |
_c00.00 _a8185024839 |
||
| 035 | _aA-455816 | ||
| 037 | _bCen Lib/Ret | ||
| 040 |
_aDPL _bEN |
||
| 082 |
_a320 _bDAT |
||
| 100 |
_aDatta, Prabhat K. _910672 |
||
| 245 |
_aPolitics of region and religion in India : _cby Prabhta K. Datta |
||
| 260 |
_aNew Delhi _bUppal Publishing House _c1992 |
||
| 270 |
_a3 Ansari Road , Daryaganj _bNew Delhi _e110002 |
||
| 300 |
_a143p. _c21cm(Hb) |
||
| 500 | _aIncludes bibliographical references and index. | ||
| 650 |
_aPolitical Science _910673 |
||
| 650 |
_aPolitics In India _910674 |
||
| 942 |
_2ddc _cEN _h320 _mDAT |
||
| 999 |
_c124411 _d124411 |
||